| 000 | 00670nam a22001937a 4500 | ||
|---|---|---|---|
| 999 |
_c10932 _d10932 |
||
| 003 | AR-CdUCM | ||
| 008 | 190402b ||||| |||| 00| 0 spa d | ||
| 040 |
_aMUNICIPALIDAD PROVINCIAL DEL CUSCO _cBIBLIOTECA MUNICIPAL DEL CUSCO |
||
| 082 |
_a343.2 / _bC81 / 1934 |
||
| 245 |
_aConstitución Política del Perú : _bSancionada por el congreso constituyente de 1931 / |
||
| 260 |
_aLima : _bImprenta Libetad, _c1934. |
||
| 300 |
_a51 paginas ; _c17 cm. |
||
| 505 | _aContenido : Constitución Política del Perú | ||
| 650 |
_aCongreso de la republica _928012 |
||
| 650 |
_aPerú _935 |
||
| 650 |
_aPromulgación de leyes _97324 |
||
| 942 |
_2ddc _cLIBROS |
||
| 945 | _awnts | ||